<?xml version="1.0" encoding="UTF-8"?>
<marc:record xmlns:marc="http://www.loc.gov/MARC21/slim">
   <marc:leader>00000nam a2200000 a 4500</marc:leader>
   <marc:datafield ind1="1" ind2=" " tag="100">
      <marc:subfield code="a">Hanauer, Michaela</marc:subfield>
      <marc:subfield code="4">aut</marc:subfield>
      <marc:subfield code="e">Verfasser/-in</marc:subfield>
   </marc:datafield>
   <marc:datafield ind1="0" ind2="0" tag="245">
      <marc:subfield code="a">Geschichten vom Reitturnier</marc:subfield>
   </marc:datafield>
   <marc:datafield ind1="0" ind2="0" tag="245">
      <marc:subfield code="c">Michaela Hanauer ; illustriert von Lisa Althaus</marc:subfield>
   </marc:datafield>
   <marc:datafield ind1=" " ind2="1" tag="264">
      <marc:subfield code="a">Bindlach</marc:subfield>
      <marc:subfield code="b">Loewe</marc:subfield>
      <marc:subfield code="c">2022</marc:subfield>
   </marc:datafield>
   <marc:datafield ind1="1" ind2=" " tag="490">
      <marc:subfield code="a">Leselöwen</marc:subfield>
   </marc:datafield>
   <marc:datafield ind1="1" ind2=" " tag="520">
      <marc:subfield code="a">Quelle: bn.bibliotheksnachrichten (http://www.biblio.at/literatur/bn/index.html); #Autor: Cornelia Gstöttinger; #Lesestoff für die Pferdefans unter den Erstleser*innen. (ab 7) (JE)#Sam und Ina stehen ihrer nervösen Tante vor dem Reitturnier beruhigend zur Seite. Bei Merles Reitabzeichen geht alles schief  gut, dass sich das Ganze als Traum entpuppt. Sara kommt einer ehrgeizigen Turnierteilnehmerin beim Mogeln auf die Schliche  Fantasievoller und abenteuerlicher wird es, wenn die Mädchen und Jungs sich in der vierten Geschichte selbst einen Wettkampf in Wild-West-Manier ausdenken.#Die Aufmachung mit großer Schrift, kurzen, einfachen Sätzen und eingestreuten Illustrationen, die die Seiten auflockern, folgt dem bewährten Konzept der bekannten Leselöwen-Reihe. Zu fünf Spezialbegriffen findet man am Ende eine genauere Erklärung. Lesefutter für Pferdefans.</marc:subfield>
   </marc:datafield>
   <marc:datafield ind1=" " ind2=" " tag="020">
      <marc:subfield code="a">9783743207172</marc:subfield>
      <marc:subfield code="9">9783743207172</marc:subfield>
   </marc:datafield>
   <marc:datafield ind1=" " ind2=" " tag="041">
      <marc:subfield code="a">ger</marc:subfield>
   </marc:datafield>
   <marc:datafield ind1=" " ind2=" " tag="300">
      <marc:subfield code="a">59 Seiten</marc:subfield>
   </marc:datafield>
</marc:record>
